| 000 | 00830nas a2200277 4500 | ||
|---|---|---|---|
| 001 | BR0701020 | ||
| 003 | BR-BrBNA | ||
| 005 | 20231205110559.0 | ||
| 007 | ta | ||
| 008 | 230509b bl.|||p| |||| 00| 00por d | ||
| 040 |
_aBR-BrBNA _bpor _cBiblioteca Nacional de Agricultura |
||
| 041 | _a(Pt) | ||
| 072 | _aQ54 | ||
| 100 | 1 | _aAzerêdo, G.A. de | |
| 100 | 1 | _aAlmeida, E.R. de | |
| 100 | 1 | _aStamford, T.L.M. | |
| 245 | 1 | _aAlternativas promissoras ao uso de antibióticos em animais: probióticos, prebióticos e simbióticos | |
| 650 | _aFRANGO | ||
| 650 | _aANTIBIÓTICO | ||
| 650 | _aRAÇÃO | ||
| 650 | _aMETABOLISMO | ||
| 650 | _aPERNAMBUCO | ||
| 773 | 0 |
_tHigiene Alimentar (Brazil) _xISSN 0101-9171 _g(Sep 2006), v. 20(144) p. 57-63 _wBR0701020 |
|
| 909 |
_a202311 _bLúcia _c55 _dLúcia Elande |
||
| 942 |
_2AGRIS _n0 _cANA |
||
| 999 |
_c188026 _d188026 |
||